Statistiques concernant Villes, noms et abréviations des équipes de NBA

Cliquez ici pour prendre le quiz!

Statistiques générales

  • Ce quiz a été pris 920 fois
  • Le résultat moyen est 68 sur 90

Statistiques - réponses

Réponse% Correct
Los Angeles
94%
Lakers
92%
New York
90%
Boston
88%
CHI
88%
BOS
88%
MIA
88%
Chicago
87%
Miami
87%
Clippers
86%
Bulls
86%
Spurs
86%
Warriors
86%
San Antonio
85%
HOU
85%
Celtics
85%
Houston
84%
Knicks
84%
Heat
84%
PHI
83%
GOL
82%
Philadelphie
82%
Rockets
81%
Nets
81%
DAL
81%
Toronto
80%
TOR
80%
DEN
80%
Dallas
80%
CLE
79%
Denver
79%
OKL
79%
Jazz
78%
MIL
78%
Cleveland
78%
Raptors
78%
WAS
78%
LAL
77%
Washington, DC.
77%
UTA
77%
LAC
77%
Cavaliers
76%
Bucks
76%
CHA
75%
76ers
75%
Mavericks
75%
Suns
75%
Hornets
74%
Charlotte
74%
PHO
74%
Milwaukee
74%
Nuggets
74%
DET
74%
POR
74%
Thunder
73%
ATL
73%
Détroit
73%
MIN
73%
Phoenix
73%
SAC
73%
Orlando
73%
ORL
73%
Portland
73%
Sacramento
72%
Atlanta
72%
IND
72%
Magic
71%
Wizards
70%
Pistons
70%
Kings
69%
Pacers
69%
Pelicans
69%
NYK
69%
Oklahoma City
68%
Hawks
68%
BRO
68%
Timberwolves
68%
La Nouvelle-Orléans
68%
MEM
66%
Grizzlies
66%
Memphis
65%
SAS
64%
Trail Blazers
63%
Salt Lake City
58%
Indianapolis
58%
Oakland
52%
NOP
49%
Minneapolis
47%

Distribution des résultats

Percentile par nombre de réponses

% des personnes avec chaque résultat

Votre développement - résultats

Vous n’avez pas pris ce quiz